Quiz : Monster -The Ed Gein Story (Netflix) - Statistiques

Statistiques générales
  • Ce quiz a été pris 72 fois
  • Le résultat moyen est 14 sur 20
Statistiques - réponses
Question Réponse % Correct
Ed Gein fabriquait des objets à partir de quoi ? Peau et os humains
99%
En quelle année la série est-elle sortie sur Netflix ? 2025
96%
Quelle est la première série Monster ? Jeffrey Dahmer
94%
Que découvre la police en entrant dans la maison de Gein ? Des meubles faits de restes humains
93%
Quel thème psychologique est central dans la série ? L'amour maternel obsessionnel
91%
Quel acteur incarne Ed Gein dans la série Monster: The Ed Gein Story ? Charlie Hunnam
87%
Quel réalisateur s’est inspiré d’Ed Gein pour son film Psychose ? Alfred Hitchcock
82%
Dans quel État américain vivait Ed Gein ? Wisconsin
81%
Quelle phrase résume le mieux la morale implicite de la série ? "Les monstres naissent dans le chaos"
78%
Combien d’épisodes compte la saison sur Ed Gein ? 8
76%
Quel réalisateur est à l’origine de l’anthologie Monster ? Ryan Murphy
75%
Quelle était la profession de Bernice Worden, la victime principale ? Gérante d'une quincaillerie
73%
Comment s’appelait la mère d’Ed Gein ? Augusta
72%
Quelle autre victime Ed Gein a-t-il avoué avoir tuée ? Mary Hogan
48%
Quel personnage de film est inspiré d’Ed Gein ? Norman Bates
48%
Quelle autre série du même créateur explore des meurtres célèbres américains ? American Horror Story
46%
Quelle scène a créé la polémique dans le dernier épisode ? Une danse dans l'asile
34%
Quelle actrice incarne Augusta Gein, la mère d’Ed ? Frances Conroy
33%
Dans quelle décennie se déroulent les crimes d’Ed Gein ? 1950s
31%
Quel est le surnom donné à Ed Gein ? Le Monstre du Midwest
18%
Aucun quiz correspondant
Distribution des résultats
% des personnes avec chaque résultat
Percentile par nombre de réponses
Votre historique - résultats
Vous n’avez pas pris ce quiz